00730nam a2200181 a 450000100100000000500170001000800410002704000250006810000350009324501320012826000310026030000250029150000350031650400320035170000370038395201110042099900170053100003858320201002031314.0130415s1978 mx ac 000 0 spa d aDO-SdBNPbspacBNPHU1 aJuarez Badillo, Eulalio96492610aMecánica de suelos :bteoría y aplicaciones de la mecánica de suelos /cEulalio Juarez Badillo, Alfonso Rico Rodríguez. aMéxico :bLimusa,c1978. av. :bils. ;c23 cm. aLa biblioteca posee el tomo II aBibliografía : p. 552-5531 aRico Rodríguez, Alfonso964927 001054708MOaGRbGRcCTd2013-04-15iLF1l0o p38583-10r2020-06-25w2020-06-25y4ZPréstamo en sala c38073d38073